00887cam a22002653a 450000100060000000300060000600500170001200800410002904000150007004200070008505000070009205000070009910000400010624501170014626000290026350500930029250600300038551600200041565300300043565300380046565300180050370000290052183000290055085600420057931012PGUSA20140828083654.0100118s2010||||xxu|||||s|||||000 1 eng d aPGUSAbeng adc 4aDU 4aPR1 aStevenson, Robert Louis,d1850-189414aThe Works of Robert Louis Stevenson - Swanston Edition, Vol. 17h[electronic resource] /cRobert Louis Stevenson bProject Gutenberg,c20100 aA footnote to history: eight years of trouble in Samoa -- Island nights' entertainments. aPublic domain in the USA. aElectronic text aSamoan Islands -- History aIslands of the Pacific -- Fiction aShort stories1 aLang, Andrew,d1844-1912 0aProject Gutenbergv3101240uhttp://www.gutenberg.org/ebooks/31012